=LDR 00000nam 2200000 4500 =001 INLIS000000000029475 =005 20130612131715 =008 ***********************************Ind** =035 ##$$0010-061300000029475 =041 ##$$a Ind =082 ##$$a 2x6.4 =090 ##$$a 2X6.4, Syi w =100 ##$$a Asy-Syilby, Musthafa Abu Nashr =245 ##$$a Wanita teladan Istri-istri Putri-putri dan shahabat wanita utama Rasulullah saw, Musthafa Abu Nashr Asy-Syilby =260 ##$$a 2005 $b Jakarta =300 ##$$a 304 hlm, 21 cm =650 ##$$a Wanita teladan =850 ##$$a NBPNMAT